000 00864nam0a22002411 4500
001 rc\905823
005 20250622035824.0
035 _a(NLR Aleph) 006080894
090 _a5088701
_c5088701
100 _a20041129d1983 |||y0rusy50 ca
101 0 _arus
102 _aRU
105 _aa |||||||||
200 1 _aОрганизация, планирование и управление городским строительством
_e[Учеб. для вузов по спец. "Архитектура" и "Горн. стр-во"]
210 _aКиев
_cВища школа
_d1983
215 _a351 с.
_cил.
_d22
320 _aБиблиогр.: с. 343-344 (23 назв.)
700 1 _aУшацкий
_bС.А.
_gСергей Андреевич
801 0 _aRU
_bNLR
_gpsbo
801 1 _aRU
_bELAR
_2rusmarc
852 _aNLR
_j83-5/4054
942 _cBOOK
980 _aNB